01120nam a2200253Ia 4500003000900000008004100009020001800050040001600068080002300084111008600107245027000193260003700463300001500500490002700515650004100542650001700583650002600600650001700626700003100643710003700674942000700711999001700718952013100735IN-BaIIA211028s9999 xx 000 0 eng d a0-7923-1782-3 cIIA Library a082.2:52bIAU-S152 aSymposium of the International Astronomical UnioncBrazild1991 July 15-19917695 0aChaos, resonance and collective dynamical phenomena in the solar systembproceedings of the 152nd symposium of the International Astronomical Union, held in Angra Dos Reis, Brazil, July 15-19, 1991cedited by S. Ferraz-Mello  aDordrechtbKluwer Academicc1992 axii, 416p. aIAU Symposium; no. 152 aAstronomy and Astrophysics Thesaurus aChaos910923 aPlanetary System9756 aSolar System aFerraz-Mello, S ed.917696 aInternational Astronomical Union cBK c10407d10407 00104070aBANbBANcGENd1992-08-11g1627.40l0o082.2:52/ IAU-S152p11317r2021-11-05v1627.40w1992-08-11yBKGRs. 1627.40